00389nam a22001337a 4500008004100000020001500041050002800056100002000084245005800104260003500162300001700197650001400214650002700228220922b |||||||| |||| 00| 0 eng d a1418500046 aBV4211.2b.M16 2005 C.1 aMacArthur, John aPreaching:bHow to preach biblically/cJohn MacArthur aNashvillebThomas Nelsonc2005 axviii, 364p. aPreaching aBiblevHomiletical use